| 000 | 00822nam a2200217 a 4500 | ||
|---|---|---|---|
| 005 | 20250311063758.0 | ||
| 008 | 051003s2002 000 eng d | ||
| 020 | _a8484323765 | ||
| 035 | _aUPN01000143070 | ||
| 049 | _aCG | ||
| 050 | 4 |
_aP94.5 C5.5 _bJ6.5 |
|
| 100 | 1 |
_aJones, Gerard, _d1957- |
|
| 245 | 1 | 0 |
_aMatando monstruos : _bpor qué los niños necesitan fantasía, super-heroes y violencia imaginaria / _cGerard Jones ; pról. de Lyn Ponton ; tr. Luis Noriega. |
| 260 |
_aBarcelona, Esp. : _bAres y Mares, _c2002. |
||
| 300 | _a285 p. | ||
| 650 | 4 |
_aMedios masivos de comunicación y niños _94384 |
|
| 650 | 4 |
_aFANTASIA EN MEDIOS MASIVOS DE COMUNICACION _94383 |
|
| 650 | 4 |
_aViolencia en medios masivos de comunicación _94382 |
|
| 650 | 4 |
_aMONSTRUOS EN MEDIOS MASIVOS DE COMUNICACION _94381 |
|
| 905 | _aLibro | ||
| 999 |
_c115217 _d115217 |
||